000 01477nam0a2200313 4500
001 RU\NLR\bibl\1828747
005 20260408051450.0
010 _a978-5-93530-345-7
_9250
021 _aRU
_b2011-78113
_95560
035 _a(NLR Aleph) 001819261
090 _a1982264
_c1982264
100 _a20111102d2011 |||y0rusy50 ca
101 0 _arus
102 _aRU
105 _aa |||||||||
200 1 _aXVI Нижегородская сессия молодых ученых, Нижний Новгород, 15-19 февраля 2011 года
_iТехнические науки
_e[материалы докладов]
210 _aНижний Новгород
_cГладкова О.В.
_d2011
215 _a455 с.
_cил.
_d20
300 _aВ надзаг.: М-во образования Нижегород. обл., Нижегород. науч.-информ. центр, Нижегород. гос. техн. ун-т им. Р.Е. Алексеева, Нижегород. гос. арх.-строит. ун-т [и др.]
320 _aБиблиогр. в конце докл.
606 1 _aТехника
_jСъезды, совещания и т.п.
_91247040
_3RU\NLR\auth\66510030
686 _aЖ.я431(2)
710 1 2 _aНижегородская сессия молодых ученых
_d16
_f2011
_3RU\NLR\AUTH\8810197080
_9283222
801 0 _aRU
_bNLR
_c20111102
_gRCR
801 1 _aRU
_bNLR
_c20111102
942 _cBOOK
980 _aNB
980 _aNBR